Stortingsrepresentanter i Norge (2017-2021) - Statistics

General Stats
  • This quiz has been taken 15 times
  • The average score is 21 of 169
Answer Stats
Representant Parti Valgkrets % Correct
Erna Solberg H Hordaland
100%
Jonas Gahr Støre Ap Oslo
92%
Audun Lysbakken SV Hordaland
69%
Siv Jensen Frp Oslo
69%
Abid Raja V Akershus
62%
Bjørnar Moxnes R Oslo
62%
Hadia Tajik Ap Rogaland
62%
Sylvi Listhaug Frp Møre og Romsdal
62%
Trygve Slagsvold Vedum Sp Hedmark
62%
Petter Eide SV Oslo
54%
Une Aina Bastholm MDG Oslo
54%
Arild Grande Ap Nord-Trøndelag
46%
Kjell Ingolf Ropstad Frp Aust-Agder
46%
Knut Arild Hareide Krf Hordaland
46%
Olau Bollestad Krf Rogaland
46%
Bent Høie H Rogaland
38%
Christian Tybring-Gjedde Frp Oslo
38%
Eva Kristin Hansen Ap Sør-Trøndelag
38%
Øystein Langholm Hansen Ap Rogaland
38%
Per-Willy Amundsen Frp Troms
38%
Svein Roald Hansen Ap Østfold
38%
Trond Giske Ap Sør-Trøndelag
38%
Ine Eriksen Søreide H Oslo
31%
Ingalill Olsen Ap Finnmark
31%
Kristin Ørmen Johnsen H Buskerud
31%
Nina Sandberg Ap Akershus
31%
Tina Bru H Rogaland
31%
Tor André Johnsen Frp Hedmark
31%
Anette Trettebergstuen Ap Hedmark
23%
Erlend Larsen H Vestfold
23%
Espen Barth Eide Ap Oslo
23%
Geir Pollestad Sp Rogaland
23%
Jan Tore Sanner H Akershus
23%
Jon Georg Dale Frp Møre og Romsdal
23%
Kari Elisabeth Kaski SV Oslo
23%
Peter Christian Frølich H Hordaland
23%
Anniken Huitfeldt Ap Akershus
15%
Dag Terje Andersen Ap Vestfold
15%
Helge Orten H Møre og Romsdal
15%
Jon Helgheim Frp Buskerud
15%
Karin Andersen SV Hedmark
15%
Linda Hofstad Helleland H Sør-Trøndelag
15%
Liv Signe Navarsete Sp Sogn og Fjordane
15%
Marit Arnstad Sp Nord-Trøndelag
15%
Martin Kolberg Ap Buskerud
15%
Morten Ørsal Johansen Frp Oppland
15%
Morten Wold Frp Buskerud
15%
Nikolai Astrup H Oslo
15%
Ola Elvestuen V Oslo
15%
Per Olaf Lundteigen Sp Buskerud
15%
Tom-Christer Nilsen H Hordaland
15%
Trond Helleland H Buskerud
15%
Ulf Leirstein Frp Østfold
15%
Åsmund Grøver Aukrust Ap Akershus
8%
Bård Hoksrud Frp Telemark
8%
Eigil Knutsen Ap Hordaland
8%
Eirik Sivertsen Ap Nordland
8%
Emilie Enger Mehl Sp Hedmark
8%
Erlend Wiborg Frp Østfold
8%
Frida Melvær H Sogn og Fjordane
8%
Geir Adelsten Iversen Ap Finnmark
8%
Hårek Elvenes H Akershus
8%
Heidi Nordby Lunde H Oslo
8%
Henrik Aasheim H Akershus
8%
Ingvild Kjerkol Ap Nord-Trøndelag
8%
Jan Bøhler Ap Oslo
8%
Jette Christensen Ap Hordaland
8%
Kari Henriksen Ap Vest-Agder
8%
Kari Kjønaas Kjos Frp Akershus
8%
Kjersti Toppe Sp Hordaland
8%
Kristian Tonning Riise H Hedmark
8%
Lise Christoffersen Ap Buskerud
8%
Marit Knutsdatter Strand Sp Oppland
8%
Martin Henriksen Ap Troms
8%
Masud Gharahkhani Ap Buskerud
8%
Mona Fagerås SV Nordland
8%
Nils Bjørke Sp Hordaland
8%
Sandra Borch Sp Troms
8%
Stefan Heggelund H Oslo
8%
Tage Pettersen H Østfold
8%
Terje Breivik V Hordaland
8%
Terje Lien Aasland Ap Telemark
8%
Tone Wilhelmsen Trøen H Akershus
8%
Tore Storehaug Krf Sogn og Fjordane
8%
Trine Skei Grande V Oslo
8%
Turid Kristensen H Akershus
8%
André Nikolai Skjelstad V Nord-Trøndelag
0%
Arne Nævra SV Buskerud
0%
Åshild Bruun-Gundersen H Aust-Agder
0%
Åslaug Sem-Jacobsen Sp Telemark
0%
Åsunn Lyngedal Ap Nordland
0%
Bengt Rune Strifeldt Frp Finnmark
0%
Carl-Erik Grimstad V Vestfold
0%
Cecilie Myrseth Ap Troms
0%
Elin Rodum Agdestein H Nord-Trøndelag
0%
Elise Bjørnebekk-Waagen Ap Østfold
0%
Else-May Botten Ap Møre og Romsdal
0%
Frank Bakke-Jensen H Finnmark
0%
Freddy André Øvstegård SV Østfold
0%
Fredric Holen Bjørdal Ap Møre og Romsdal
0%
Geir Jørgen Bekkevold Krf Telemark
0%
Gisle Meininger Saudland Frp Vest-Agder
0%
Hanne Dyveke Søttar Frp Nordland
0%
Hans Andreas Limi Frp Akershus
0%
Hans Fredrik Grøvan Krf Vest-Agder
0%
Hege Haukeland Liadal Ap Rogaland
0%
Heidi Greni Sp Sør-Trøndelag
0%
Helge André Njåstad Frp Hordaland
0%
Himanshu Gulati Frp Akershus
0%
Ingjerd Schou H Østfold
0%
Ingrid Heggø Ap Sogn og Fjordane
0%
Ingunn Foss H Vest-Agder
0%
Ivar Odnes Sp Oppland
0%
Jenny Klinge Sp Møre og Romsdal
0%
Jon Gunnes V Sør-Trøndelag
0%
Jonny Finstad H Nordland
0%
Jorodd Asphjell Ap Sør-Trøndelag
0%
Kårstein Eidem Løvaas H Vestfold
0%
Kent Gudmundsen H Troms
0%
Kirsti Leirtrø Ap Sør-Trøndelag
0%
Kjell-Børge Freiberg Frp Nordland
0%
Kjell Kjenseth V Oppland
0%
Lars Haltbrekken SV Sør-Trøndelag
0%
Lene Camilla Westgaard-Halle H Vestfold
0%
Lene Vågslid Ap Telemark
0%
Magne Rommetveit Ap Hordaland
0%
Margret Hagerup H Rogaland
0%
Margrunn Ebbesen H Nordland
0%
Maria-Karine Aasen-Svendsrud Ap Vestfold
0%
Marianne Marthinsen Ap Oslo
0%
Marianne Synnes H Møre og Romsdal
0%
Mari Holm Lønseth H Sør-Trøndelag
0%
Michael Tetzschner H Oslo
0%
Morten Stordalen Frp Vestfold
0%
Mudassar Kapur H Oslo
0%
Nicholas Wikinson SV Akershus
0%
Nils Aage Jegstad H Akershus
0%
Nils Kristen Sandtrøen Ap Hedmark
0%
Norunn Tveiten Benestad H Vest-Agder
0%
Ole André Myhrvold Sp Østfold
0%
Olemic Thommessen H Oppland
0%
Ove Trellevik H Hordaland
0%
Rigmor Aasrud Ap Oppland
0%
Roy Steffensen Frp Rogaland
0%
Runar Sjåstad Ap Finnmark
0%
Ruth Grung Ap Hordaland
0%
Sigbjørn Gjelsvik Sp Akershus
0%
Silje Hjemdal Frp Hordaland
0%
Siri Staalesen Ap Oslo
0%
Sivert Bjørnstad Frp Sør-Trøndelag
0%
Siv Mossleth Sp Nordland
0%
Solfrid Lerbrekk SV Rogaland
0%
Solveig Horne Frp Rogaland
0%
Solveig Sundbø Abrahamsen H Telemark
0%
Steinar Reiten Krf Møre og Romsdal
0%
Stein Erik Lauvås Ap Østfold
0%
Svein Harberg H Aust-Agder
0%
Sveinung Stensland H Rogaland
0%
Sverre Myrli Ap Akershus
0%
Tellef Inge Mørland Ap Aust-Agder
0%
Terje Halleland Frp Rogaland
0%
Tore Hagebakken Ap Oppland
0%
Torgeir Knag Fylkesnes SV Troms
0%
Torhild Bransdal Krf Vest-Agder
0%
Torill Eidsheim H Hordaland
0%
Torstein Tvedt Solberg Ap Rogaland
0%
Tuva Moflag Ap Akershus
0%
Vetle Wang Soleim H Møre og Romsdal
0%
Wilfred Nordlund Sp Nordland
0%
No matching quizzes found
Score Distribution
Percent of People with Each Score
Percentile by Number Answered
Your Score History
You have not taken this quiz